000 00262nam a2200133Ia 4500
100 _aSaran D
942 _cBK
654 _aPhysics
245 _aProblems in Physics
260 _bWheeler
_aNew Delhi
_c1994
300 _a290
546 _aENGLISH
999 _c35497
_d35497